000 00330nam a2200109 4500
999 _c14041
_d14041
008 190730b ||||| |||| 00| 0 eng d
245 _aDuterte: there's no corruption in my cabinet.
260 _aPhilippines:
_bPhilippine Daily Inquirer;
_cc2019.
300 _apage A3.
650 0 _939036
_aPolitical corruption.
942 _2ddc
_cPER